[Event "Coventry International"]
[Site "Coventry"]
[Date "2025.10.30"]
[Round "7.9"]
[White "Dicen, Elis Denele"]
[Black "Harikrishnan, A Ra"]
[Result "0-1"]
[WhiteElo "2123"]
[BlackElo "2534"]
[PlyCount "174"]
[EventDate "2025.10.26"]
[EventType "swiss"]
[EventRounds "9"]
[EventCountry "ENG"]
[SourceTitle "BritBase"]
[Source "John Saunders"]
[SourceDate "2025.10.31"]
[SourceVersion "1"]
[SourceVersionDate "2025.10.31"]
[SourceQuality "1"]

1. Nf3 d5 2. c4 d4 3. b4 f6 4. e3 e5 5. c5 Bg4 6. Qb3 Nh6 7. Bb2 Nc6 8. Bb5 dxe3 9. dxe3 Qd7 10. Nbd2 Be6 11. Bc4 Bf7 12. Rd1 Be7 13. O-O O-O 14. a3 Rad8 15. Qc2 Bxc4 16. Nxc4 Qe6 17. e4 Nb8 18. Bc1 Nf7 19. Ne3 c6 20. Rxd8 Rxd8 21. Rd1 Rxd1+ 22. Qxd1 Na6 23. Qc2 Nc7 24. Nc4 Nb5 25. Be3 Nd8 26. Qd3 Kf8 27. Nfd2 Ke8 28. a4 Nc7 29. f3 Qd7 30. Qb3 Nde6 31. Kf2 g6 32. Qc3 Kd8 33. Nb3 Qd1 34. Nd6 Bxd6 35. cxd6 Qxd6 36. Bxa7 Nf4 37. Bc5 Qd1 38. Qd2+ Qxd2+ 39. Nxd2 Na6 40. Bb6+ Kd7 41. b5 Nc5 42. bxc6+ Kxc6 43. a5 Nd7 44. g3 Ne6 45. Nc4 Nxb6 46. Nxb6 Nc5 47. Ke3 Kb5 48. Nd5 Nd7 49. Kd3 Kxa5 50. Kc3 Kb5 51. Kb3 Kc5 52. Kc3 f5 53. Nb4 fxe4 54. fxe4 Kd6 55. Kd3 Nf6 56. h3 Kc5 57. Nc2 Nh5 58. Ne3 Nxg3 59. Ng4 Kd6 60. Nf6 Nh5 61. Nxh7 Nf4+ 62. Ke3 Nxh3 63. Nf6 Nf4 64. Ng4 b5 65. Kd2 Ne6 66. Kc3 Nc5 67. Nf2 Kc6 68. Kb4 Na6+ 69. Kc3 Nc5 70. Kb4 Nd7 71. Kc3 Kb6 72. Kb4 Nb8 73. Ng4 Nc6+ 74. Kc3 Kc5 75. Nf6 b4+ 76. Kd3 Kb5 77. Nd5 Ka4 78. Kc4 Na5+ 79. Kc5 b3 80. Nc3+ Ka3 81. Kd5 Kb4 82. Nd1 Nc4 83. Ke6 Kc5 84. Kf6 Kd4 85. Kxg6 b2 86. Nxb2 Nxb2 87. Kf5 Nc4 0-1

[Event "Coventry International"]
[Site "Coventry"]
[Date "2025.10.30"]
[Round "7.10"]
[White "Hariharan, Shambavi"]
[Black "Jackson, James P"]
[Result "0-1"]
[WhiteElo "1989"]
[BlackElo "2365"]
[PlyCount "194"]
[EventDate "2025.10.26"]
[EventType "swiss"]
[EventRounds "9"]
[EventCountry "ENG"]
[SourceTitle "BritBase"]
[Source "John Saunders"]
[SourceDate "2025.10.31"]
[SourceVersion "1"]
[SourceVersionDate "2025.10.31"]
[SourceQuality "1"]

1. d4 Nf6 2. c4 g6 3. Nc3 Bg7 4. Nf3 O-O 5. g3 d6 6. Bg2 Nc6 7. h3 a6 8. b3 e6 9. O-O Rb8 10. a4 a5 11. e4 e5 12. Be3 Nd7 13. Qd2 exd4 14. Nxd4 Nc5 15. Rab1 f5 16. exf5 Nxd4 17. Bxd4 Bxf5 18. Bxg7 Kxg7 19. Qd4+ Qf6 20. Qxf6+ Rxf6 21. Rb2 Re8 22. Nd5 Rf7 23. Ne3 b6 24. h4 Bd7 25. Nd5 Bc8 26. Ne3 h6 27. Bd5 Rff8 28. Bc6 Re5 29. Rd1 Be6 30. Rf1 g5 31. hxg5 hxg5 32. Bd5 Bf5 33. Bg2 Be6 34. Bd5 Bc8 35. Bg2 g4 36. Rd1 Kg6 37. Rd4 Kh5 38. Rd5 Rxd5 39. Nxd5 Rf7 40. Nf4+ Kg5 41. Nd5 Be6 42. Nf4 Bf5 43. Nd5 Bd3 44. Rd2 Bg6 45. Rb2 Bf5 46. Bh1 Be6 47. Nf4 Rf5 48. Bd5 Bd7 49. Bg2 Re5 50. Nd5 Re1+ 51. Kh2 Ne6 52. Nc3 Kf5 53. Nd5 Ke5 54. Rd2 Bc8 55. b4 axb4 56. Nxb4 Ra1 57. Bc6 Nd4 58. Bd5 Rxa4 59. Nd3+ Kf5 60. Nb2 Nb3 61. Re2 Ra7 62. Nd3 Nd4 63. Re7 Be6 64. Nf4 Bxd5 65. Nxd5 Ra1 66. Ne3+ Kf6 67. Nd5+ Kg6 68. Nf4+ Kh6 69. f3 Ra2+ 70. Kg1 gxf3 71. Nd3 Rg2+ 72. Kf1 Nf5 73. Re6+ Kg5 74. Nf2 Nxg3+ 75. Ke1 Kf5 76. Re7 Rg1+ 77. Kd2 Ra1 78. Rf7+ Ke5 79. Rxf3 Ne4+ 80. Nxe4 Kxe4 81. Rf7 Ra7 82. Kc3 Ke5 83. Re7+ Kf6 84. Re1 Ra5 85. Re8 Kf7 86. Rh8 Rc5 87. Kd4 Ke7 88. Rh7+ Kd8 89. Rg7 Kc8 90. Rh7 Kb7 91. Rg7 Kc6 92. Rg1 Rh5 93. Rg7 b5 94. cxb5+ Rxb5 95. Kc4 Rh5 96. Rg4 Rc5+ 97. Kb4 Rc1 0-1

[Event "Coventry International"]
[Site "Coventry"]
[Date "2025.10.30"]
[Round "7.11"]
[White "Vijayakumar, Rishi"]
[Black "Pal, Rohan"]
[Result "1-0"]
[WhiteElo "2300"]
[BlackElo "2101"]
[PlyCount "71"]
[EventDate "2025.10.26"]
[EventType "swiss"]
[EventRounds "9"]
[EventCountry "ENG"]
[SourceTitle "BritBase"]
[Source "John Saunders"]
[SourceDate "2025.10.31"]
[SourceVersion "1"]
[SourceVersionDate "2025.10.31"]
[SourceQuality "1"]

1. d4 d5 2. c4 e6 3. Nc3 Nf6 4. Bg5 Be7 5. Nf3 h6 6. Bxf6 Bxf6 7. e3 O-O 8. Rc1 c6 9. h4 g6 10. h5 g5 11. Bd3 Bg7 12. Bb1 Nd7 13. cxd5 exd5 14. Ne2 f5 15. O-O Nf6 16. b4 Nxh5 17. b5 cxb5 18. Ne5 Nf6 19. Qb3 a6 20. Ng3 Ne8 21. Rc5 Qb6 22. Rxc8 Rxc8 23. Qxd5+ Kh8 24. Bxf5 Rd8 25. Nf7+ Rxf7 26. Qxf7 Qf6 27. Qxb7 h5 28. Bd3 h4 29. Qe4 Qh6 30. Nf5 Qg6 31. Rc1 Bf6 32. Rc6 a5 33. Qe6 g4 34. Ne7 Qg5 35. Ng6+ Kg7 36. Rc5 1-0

[Event "Coventry International"]
[Site "Coventry"]
[Date "2025.10.30"]
[Round "7.12"]
[White "Verma, Aditya"]
[Black "Arun, Nitish"]
[Result "1/2-1/2"]
[WhiteElo "2164"]
[BlackElo "2094"]
[PlyCount "70"]
[EventDate "2025.10.26"]
[EventType "swiss"]
[EventRounds "9"]
[EventCountry "ENG"]
[SourceTitle "BritBase"]
[Source "John Saunders"]
[SourceDate "2025.10.31"]
[SourceVersion "1"]
[SourceVersionDate "2025.10.31"]
[SourceQuality "1"]

1. e4 c5 2. Nf3 d6 3. d4 cxd4 4. Nxd4 Nf6 5. Nc3 Nc6 6. Bg5 e6 7. Qd2 a6 8. f3 Be7 9. h4 Bd7 10. O-O-O Nxd4 11. Qxd4 Qa5 12. Kb1 Rc8 13. Bc4 b5 14. Bb3 b4 15. Ne2 Qc5 16. c3 a5 17. cxb4 Qxb4 18. Qxb4 axb4 19. Rd4 Rb8 20. Rc1 h6 21. Be3 O-O 22. g4 Bb5 23. Rd2 Nd7 24. Nd4 Nc5 25. Nxb5 Nxb3 26. axb3 Rxb5 27. Rc6 d5 28. exd5 exd5 29. h5 Re8 30. Rd3 Bf8 31. Rc7 Rd8 32. Kc2 Bd6 33. Rc6 Bf8 34. Rc7 Bd6 35. Rc6 Bf8 1/2-1/2

[Event "Coventry International"]
[Site "Coventry"]
[Date "2025.10.30"]
[Round "7.13"]
[White "Roberts, Paul E"]
[Black "Kanyamarala, Trisha"]
[Result "1/2-1/2"]
[WhiteElo "2098"]
[BlackElo "2149"]
[PlyCount "34"]
[EventDate "2025.10.26"]
[EventType "swiss"]
[EventRounds "9"]
[EventCountry "ENG"]
[SourceTitle "BritBase"]
[Source "John Saunders"]
[SourceDate "2025.10.31"]
[SourceVersion "1"]
[SourceVersionDate "2025.10.31"]
[SourceQuality "1"]

1. d4 Nf6 2. Bf4 d5 3. e3 e6 4. Nd2 c5 5. c3 Nc6 6. Ngf3 Be7 7. Bd3 Nh5 8. Bg3 cxd4 9. exd4 g6 10. Qe2 a6 11. Ne5 Nxg3 12. hxg3 Nxe5 13. Qxe5 Bf6 14. Qe3 Bd7 15. f4 Qb6 16. O-O-O Ba4 17. Bc2 Bxc2 1/2-1/2

[Event "Coventry International"]
[Site "Coventry"]
[Date "2025.10.30"]
[Round "7.14"]
[White "Berry, Neil"]
[Black "Burrows, Martin P"]
[Result "1-0"]
[WhiteElo "2266"]
[BlackElo "2088"]
[PlyCount "121"]
[EventDate "2025.10.26"]
[EventType "swiss"]
[EventRounds "9"]
[EventCountry "ENG"]
[SourceTitle "BritBase"]
[Source "John Saunders"]
[SourceDate "2025.10.31"]
[SourceVersion "1"]
[SourceVersionDate "2025.10.31"]
[SourceQuality "1"]

1. d4 Nf6 2. c4 e6 3. Nf3 d5 4. g3 Be7 5. Bg2 O-O 6. O-O dxc4 7. Qc2 a6 8. a4 Bd7 9. Bg5 Bc6 10. Qxc4 Bd5 11. Qc2 Be4 12. Qc1 h6 13. Bxf6 Bxf6 14. Nbd2 Bxf3 15. Bxf3 c6 16. e3 a5 17. h4 Na6 18. Kg2 Nb4 19. Nc4 Qe7 20. Rd1 Rfd8 21. Rd2 Qc7 22. Qd1 Rd7 23. Qe2 Rad8 24. Rad1 Kh8 25. Be4 Kg8 26. Qf3 c5 27. d5 exd5 28. Bxd5 b6 29. b3 Kf8 30. Be4 Rxd2 31. Rxd2 Rxd2 32. Nxd2 Bd8 33. Nc4 Qe7 34. Bd5 Bc7 35. h5 Qd7 36. Be4 Qe6 37. Bf5 Qc6 38. Be4 Qe6 39. Kg1 Qd7 40. Bf5 Qc6 41. Qg4 Qd5 42. Be4 Qe6 43. Qxe6 fxe6 44. Kf1 Ke7 45. Ke2 Kf6 46. Nd2 Kg5 47. Bg6 Kf6 48. Ne4+ Ke7 49. Kd2 Be5 50. f4 Bc7 51. Nf2 e5 52. Be4 exf4 53. gxf4 Ke6 54. Kc3 Na6 55. Kc4 Nb8 56. Bf3 Ke7 57. Kb5 Nd7 58. Kc6 Bd8 59. Ne4 Nf6 60. Nd6 Nd7 61. Nf5+ 1-0

[Event "Coventry International"]
[Site "Coventry"]
[Date "2025.10.30"]
[Round "7.15"]
[White "Keerthi Kumar, Advait"]
[Black "Navrotescu, Andreea-Cristiana"]
[Result "1/2-1/2"]
[WhiteElo "1968"]
[BlackElo "2257"]
[PlyCount "96"]
[EventDate "2025.10.26"]
[EventType "swiss"]
[EventRounds "9"]
[EventCountry "ENG"]
[SourceTitle "BritBase"]
[Source "John Saunders"]
[SourceDate "2025.10.31"]
[SourceVersion "1"]
[SourceVersionDate "2025.10.31"]
[SourceQuality "1"]

1. e4 e5 2. Nf3 Nc6 3. Bc4 Bc5 4. O-O Nf6 5. d3 O-O 6. Bg5 h6 7. Bh4 Be7 8. Re1 d6 9. h3 Na5 10. Nbd2 g5 11. Bg3 g4 12. hxg4 Bxg4 13. b4 Nxc4 14. Nxc4 Nh5 15. Ne3 Qc8 16. Nxg4 Qxg4 17. Nh4 Qxd1 18. Raxd1 Bxh4 19. Bxh4 Kh7 20. d4 f6 21. c4 a5 22. b5 exd4 23. Rxd4 b6 24. g3 Rae8 25. Rd5 Ng7 26. f3 Ne6 27. g4 Nc5 28. Bf2 Nd7 29. Bd4 Rf7 30. Kg2 Kg6 31. Rh5 Rh7 32. Rd1 Nf8 33. Rf5 Rf7 34. Rh1 Ne6 35. Be3 Rh7 36. a4 Ng7 37. Rd5 h5 38. gxh5+ Rxh5 39. Rdxh5 Nxh5 40. Kf2 Rh8 41. Rg1+ Kf7 42. Rh1 Rh7 43. Rh2 f5 44. exf5 Kf6 45. Rh4 Kxf5 46. Bd4 Kg6 47. Rg4+ Kf7 48. Rh4 Kg6 1/2-1/2

[Event "Coventry International"]
[Site "Coventry"]
[Date "2025.10.30"]
[Round "7.16"]
[White "Sasikumar, Srivathsan"]
[Black "Fellowes, Billy"]
[Result "0-1"]
[WhiteElo "2021"]
[BlackElo "2184"]
[PlyCount "142"]
[EventDate "2025.10.26"]
[EventType "swiss"]
[EventRounds "9"]
[EventCountry "ENG"]
[SourceTitle "BritBase"]
[Source "John Saunders"]
[SourceDate "2025.10.31"]
[SourceVersion "1"]
[SourceVersionDate "2025.10.31"]
[SourceQuality "1"]

1. e4 c6 2. d4 d5 3. exd5 cxd5 4. c4 Nf6 5. Nc3 Be6 6. c5 g6 7. Nf3 Bg7 8. Bb5+ Nbd7 9. O-O O-O 10. Re1 Ne4 11. Nxe4 dxe4 12. Ng5 Bd5 13. Nxe4 Bxe4 14. Bxd7 Bxg2 15. Kxg2 Qxd7 16. Be3 Rfd8 17. Qf3 e6 18. Rad1 Qd5 19. Qxd5 Rxd5 20. Rd2 Rad8 21. Red1 g5 22. Kf1 h6 23. Ke2 f5 24. f3 f4 25. Bf2 a5 26. b3 Kf7 27. a3 Ke7 28. Rd3 Kd7 29. Kd2 Kc6 30. Kc3 Rxc5+ 31. Kb2 Rcd5 32. Rc3+ Kb5 33. Rc7 R8d7 34. Rxd7 Rxd7 35. a4+ Kb6 36. Re1 Rd6 37. Kc3 Kc6 38. h3 Kd5 39. Kd3 Rb6 40. Rb1 Bf8 41. Be1 Bb4 42. Bf2 Rc6 43. Be1 b6 44. Rd1 Rc8 45. Rb1 h5 46. Rd1 Rc7 47. Rb1 Rc8 48. Rd1 Rc6 49. Rb1 e5 50. dxe5 Kxe5 51. Bf2 Rc3+ 52. Ke2 Rc2+ 53. Kf1 Bc5 54. Bxc5 bxc5 55. Re1+ Kd4 56. Re4+ Kc3 57. Re5 Kxb3 58. Rxg5 Kxa4 59. Rxh5 Kb3 60. Rh8 a4 61. Rb8+ Ka2 62. h4 a3 63. h5 Rb2 64. Rc8 Kb1 65. Rxc5 a2 66. Ra5 a1=Q 67. Rxa1+ Kxa1 68. h6 Rh2 69. h7 Rxh7 70. Ke2 Kb2 71. Kd3 Re7 0-1

[Event "Coventry International"]
[Site "Coventry"]
[Date "2025.10.30"]
[Round "7.17"]
[White "Latt, Maung M"]
[Black "Vaidyanathan, Avinash"]
[Result "0-1"]
[WhiteElo "2140"]
[BlackElo "1949"]
[PlyCount "78"]
[EventDate "2025.10.26"]
[EventType "swiss"]
[EventRounds "9"]
[EventCountry "ENG"]
[SourceTitle "BritBase"]
[Source "John Saunders"]
[SourceDate "2025.10.31"]
[SourceVersion "1"]
[SourceVersionDate "2025.10.31"]
[SourceQuality "1"]

1. d4 Nf6 2. Nf3 d5 3. e3 c5 4. b3 cxd4 5. exd4 Nc6 6. Bd3 g6 7. O-O Bg7 8. h3 O-O 9. Re1 Nb4 10. Ba3 Nxd3 11. Qxd3 Re8 12. Qb5 a6 13. Qb4 Ne4 14. c4 e6 15. c5 Bd7 16. Rc1 Bb5 17. Qe1 Rc8 18. Qe3 f6 19. Bb2 e5 20. a4 Bc6 21. b4 b5 22. axb5 Bxb5 23. Nbd2 Nxd2 24. Nxd2 e4 25. Re1 f5 26. f3 Qh4 27. Qb3 e3 28. Rxe3 Rxe3 29. Qxe3 Re8 30. Qc3 Re2 31. Kh1 Qf2 32. Rg1 Rxd2 33. Qb3 Bc4 34. Qa4 h6 35. Qe8+ Kh7 36. Bc3 Rc2 37. c6 Bf1 38. Be1 Bxg2+ 39. Kh2 Qxf3 0-1

[Event "Coventry International"]
[Site "Coventry"]
[Date "2025.10.30"]
[Round "7.18"]
[White "Gunarathne, Senith"]
[Black "Luk, Danbe"]
[Result "0-1"]
[WhiteElo "1849"]
[BlackElo "2131"]
[PlyCount "64"]
[EventDate "2025.10.26"]
[EventType "swiss"]
[EventRounds "9"]
[EventCountry "ENG"]
[SourceTitle "BritBase"]
[Source "John Saunders"]
[SourceDate "2025.10.31"]
[SourceVersion "1"]
[SourceVersionDate "2025.10.31"]
[SourceQuality "1"]

1. e4 c6 2. d4 d5 3. exd5 cxd5 4. Bd3 Nf6 5. Bf4 Bg4 6. Nf3 Nc6 7. c3 e6 8. Nbd2 Nh5 9. Be5 Nxe5 10. dxe5 Qd7 11. g3 Bc5 12. h3 Bxf3 13. Qxf3 g6 14. Nb3 Bb6 15. g4 Ng7 16. Qf6 O-O 17. h4 Ne8 18. Qf4 f6 19. h5 g5 20. Qg3 Bc7 21. f4 gxf4 22. Qxf4 fxe5 23. Qh6 Rf6 24. Nc5 Qe7 25. Qg5+ Kh8 26. O-O-O Qxc5 27. Rhf1 Qf8 28. h6 e4 29. Rxf6 Qxf6 30. Qxf6+ Nxf6 31. g5 Bf4+ 32. Kb1 Bxg5 0-1

[Event "Coventry International"]
[Site "Coventry"]
[Date "2025.10.30"]
[Round "7.19"]
[White "Hanache, Kai"]
[Black "Udovenko, Daniel Alexander"]
[Result "1-0"]
[WhiteElo "2122"]
[BlackElo "1945"]
[PlyCount "79"]
[EventDate "2025.10.26"]
[EventType "swiss"]
[EventRounds "9"]
[EventCountry "ENG"]
[SourceTitle "BritBase"]
[Source "John Saunders"]
[SourceDate "2025.10.31"]
[SourceVersion "1"]
[SourceVersionDate "2025.10.31"]
[SourceQuality "1"]

1. e4 c5 2. Nf3 d6 3. d4 cxd4 4. Nxd4 Nf6 5. Nc3 a6 6. h3 e5 7. Nde2 h5 8. g3 Nbd7 9. Bg2 b5 10. a4 bxa4 11. Rxa4 Nc5 12. Ra1 Bb7 13. Bg5 Be7 14. Bxf6 Bxf6 15. Nd5 h4 16. O-O Ne6 17. Ra3 Nc7 18. Ne3 Be7 19. Nf5 Kf8 20. Rd3 Ne8 21. f4 g6 22. Nxh4 Bxh4 23. gxh4 Rxh4 24. fxe5 Qb6+ 25. Kh2 dxe5 26. Qe1 Rh7 27. Rb3 Qc7 28. Qb4+ Nd6 29. Rd1 Rd8 30. Rc3 a5 31. Qa3 Qb6 32. Rcd3 Ke7 33. c4 Qc7 34. Nc3 Bc6 35. Qc5 Ke6 36. Nb5 Nxb5 37. Rxd8 Nd4 38. Re8+ Kf6 39. Rf1+ Kg7 40. Qf8# 1-0

[Event "Coventry International"]
[Site "Coventry"]
[Date "2025.10.30"]
[Round "7.20"]
[White "Ward, Cian"]
[Black "Verbytski, Oleg"]
[Result "1/2-1/2"]
[WhiteElo "1909"]
[BlackElo "2092"]
[PlyCount "80"]
[EventDate "2025.10.26"]
[EventType "swiss"]
[EventRounds "9"]
[EventCountry "ENG"]
[SourceTitle "BritBase"]
[Source "John Saunders"]
[SourceDate "2025.10.31"]
[SourceVersion "1"]
[SourceVersionDate "2025.10.31"]
[SourceQuality "1"]

1. e4 c5 2. Nf3 d6 3. Bb5+ Bd7 4. Bxd7+ Qxd7 5. O-O Nf6 6. Re1 e6 7. c3 Be7 8. d4 cxd4 9. cxd4 d5 10. e5 Ne4 11. a3 O-O 12. Qd3 h6 13. Nbd2 Nxd2 14. Bxd2 Nc6 15. Re3 a5 16. Ne1 Bg5 17. Rg3 Bxd2 18. Qxd2 Kh8 19. b3 f6 20. exf6 Rxf6 21. Rf3 Raf8 22. Rxf6 Rxf6 23. b4 Qd8 24. b5 Na7 25. Rb1 b6 26. Nd3 Nc8 27. Ne5 Nd6 28. Qc2 Nf5 29. Qb2 Qe8 30. Rc1 Qh5 31. g4 Qg5 32. f4 Qxf4 33. Rc8+ Kh7 34. gxf5 Qe4 35. Nd7 Qe1+ 36. Kg2 Qe4+ 37. Kg1 Qg4+ 38. Kh1 Rxf5 39. Nf8+ Kg8 40. Nd7+ Kh7 1/2-1/2

[Event "Coventry International"]
[Site "Coventry"]
[Date "2025.10.30"]
[Round "7.21"]
[White "Lebedev, Lion"]
[Black "Young, Daniel J"]
[Result "1-0"]
[WhiteElo "2091"]
[BlackElo "1933"]
[PlyCount "99"]
[EventDate "2025.10.26"]
[EventType "swiss"]
[EventRounds "9"]
[EventCountry "ENG"]
[SourceTitle "BritBase"]
[Source "John Saunders"]
[SourceDate "2025.10.31"]
[SourceVersion "1"]
[SourceVersionDate "2025.10.31"]
[SourceQuality "1"]

1. e4 e5 2. Nf3 Nc6 3. Bb5 a6 4. Bxc6 dxc6 5. O-O Bg4 6. h3 h5 7. d3 Qf6 8. Be3 Bxf3 9. Qxf3 Qxf3 10. gxf3 Bd6 11. Nd2 Ne7 12. Nc4 f6 13. f4 exf4 14. Nxd6+ cxd6 15. Bxf4 Rd8 16. f3 d5 17. Rae1 Kf7 18. Kf2 g5 19. Be3 Ng6 20. Kg3 Rhe8 21. a4 h4+ 22. Kg2 Rg8 23. Kf2 Nf4 24. Rh1 Ne6 25. Rd1 d4 26. Bd2 c5 27. a5 Rc8 28. b3 Nd8 29. Rhg1 Nc6 30. Rg4 Ne5 31. Rg2 Ng6 32. Rdg1 Ne5 33. f4 gxf4 34. Rxg8 Rxg8 35. Rxg8 Kxg8 36. Bxf4 Nc6 37. Bc7 Nb4 38. Bb6 Nxc2 39. Bxc5 Kf7 40. Kf3 Ne1+ 41. Kg4 Nxd3 42. Bxd4 Nb4 43. Kxh4 Nc6 44. Bc3 Kg6 45. Kg4 Ne7 46. h4 Nc6 47. h5+ Kg7 48. Kf5 Kf7 49. Bxf6 Nxa5 50. h6 1-0

[Event "Coventry International"]
[Site "Coventry"]
[Date "2025.10.30"]
[Round "7.22"]
[White "Sieczkowski, Adam"]
[Black "Okhai, Shabir"]
[Result "0-1"]
[WhiteElo "1909"]
[BlackElo "2069"]
[PlyCount "200"]
[EventDate "2025.10.26"]
[EventType "swiss"]
[EventRounds "9"]
[EventCountry "ENG"]
[SourceTitle "BritBase"]
[Source "John Saunders"]
[SourceDate "2025.10.31"]
[SourceVersion "1"]
[SourceVersionDate "2025.10.31"]
[SourceQuality "1"]

1. e4 e5 2. Nf3 Nc6 3. Bb5 a6 4. Ba4 Nf6 5. d3 d6 6. O-O g6 7. d4 b5 8. dxe5 Nxe5 9. Nxe5 dxe5 10. Qxd8+ Kxd8 11. Bg5 Be7 12. Bb3 Ke8 13. f4 Nd7 14. Nc3 c6 15. Rad1 h6 16. Bxe7 Kxe7 17. f5 g5 18. Rf2 Nf6 19. Rfd2 Ra7 20. a4 Rd7 21. Rxd7+ Bxd7 22. a5 Rd8 23. Re1 Be8 24. Na2 Rd4 25. Nc3 Kd6 26. Ne2 Rd2 27. Kf2 Ke7 28. Ke3 Rd8 29. h3 c5 30. c3 c4 31. Bc2 Nd7 32. Nc1 Nc5 33. Na2 Bc6 34. Nb4 Bb7 35. g4 h5 36. gxh5 Rh8 37. Rg1 Rxh5 38. Rg3 f6 39. Bd1 Rh4 40. Bg4 Rh8 41. Rg1 Nb3 42. Rd1 Rd8 43. Rh1 Nxa5 44. h4 Rh8 45. h5 Nb3 46. Rd1 Nc5 47. Nd5+ Bxd5 48. Rxd5 Nb7 49. Rd1 a5 50. Rd5 Nd6 51. Rc5 Kd7 52. Bd1 a4 53. Bf3 Rg8 54. Bg4 Rb8 55. Bd1 Nf7 56. Rd5+ Kc6 57. Rd2 Ra8 58. Rd5 a3 59. bxa3 Rxa3 60. Kd2 Ra2+ 61. Bc2 g4 62. Kc1 Ra1+ 63. Bb1 Ra8 64. Rd1 Rg8 65. Rg1 Rg5 66. Bc2 Nh6 67. Rh1 Kc5 68. Kd2 Rg8 69. Ra1 Nf7 70. Ke2 Rh8 71. Rh1 Ra8 72. Rh4 Ra2 73. Kd2 Nh6 74. Rh1 b4 75. cxb4+ Kxb4 76. Rb1+ Kc5 77. Rb7 g3 78. Rc7+ Kd4 79. Rd7+ Kc5 80. Rg7 Ra3 81. Rg6 Nf7 82. h6 Ng5 83. Ke2 Ra2 84. Rxg5 fxg5 85. Kf3 Rxc2 86. Kxg3 Ra2 87. Kg4 c3 88. h7 Ra8 89. f6 c2 90. f7 c1=Q 91. h8=Q Qf4+ 92. Kh5 Rxh8+ 93. Kg6 Qxe4+ 94. Kg7 Rh7+ 95. Kf6 Qf4+ 96. Ke6 Qxf7+ 97. Kxe5 Qd5+ 98. Kf6 Rf7+ 99. Kg6 Qf5+ 100. Kh6 Rh7# 0-1

[Event "Coventry International"]
[Site "Coventry"]
[Date "2025.10.30"]
[Round "7.23"]
[White "Brett, Andrew R"]
[Black "Liu, Jacob"]
[Result "1-0"]
[WhiteElo "2034"]
[BlackElo "1902"]
[PlyCount "77"]
[EventDate "2025.10.26"]
[EventType "swiss"]
[EventRounds "9"]
[EventCountry "ENG"]
[SourceTitle "BritBase"]
[Source "John Saunders"]
[SourceDate "2025.10.31"]
[SourceVersion "1"]
[SourceVersionDate "2025.10.31"]
[SourceQuality "1"]

1. d4 d5 2. c4 c6 3. Nf3 Nf6 4. e3 e6 5. Bd3 Nbd7 6. O-O Be7 7. b3 O-O 8. Nbd2 b6 9. e4 dxe4 10. Nxe4 Bb7 11. Qe2 c5 12. Bb2 Bxe4 13. Bxe4 Nxe4 14. Qxe4 Bf6 15. Rad1 Qc7 16. Rd2 cxd4 17. Nxd4 Nc5 18. Qe2 a6 19. Rfd1 Rfd8 20. Ba3 Bg5 21. Rc2 Rd7 22. Bxc5 Qxc5 23. Nf3 Rxd1+ 24. Qxd1 Rd8 25. Qe1 Bf4 26. g3 Qf5 27. Qe2 Rd3 28. Ne1 Rd4 29. gxf4 Re4 30. Rd2 h5 31. Qf1 Qg4+ 32. Ng2 Rxf4 33. Qe2 Qg5 34. Qe3 e5 35. Kf1 g6 36. Nxf4 exf4 37. Qe8+ Kg7 38. Rd8 f5 39. Qf8+ 1-0

[Event "Coventry International"]
[Site "Coventry"]
[Date "2025.10.30"]
[Round "7.24"]
[White "Hindol, Ghosh"]
[Black "Lishoy Gengis Paratazham, Dildarav"]
[Result "1-0"]
[WhiteElo "1866"]
[BlackElo "2017"]
[PlyCount "163"]
[EventDate "2025.10.26"]
[EventType "swiss"]
[EventRounds "9"]
[EventCountry "ENG"]
[SourceTitle "BritBase"]
[Source "John Saunders"]
[SourceDate "2025.10.31"]
[SourceVersion "1"]
[SourceVersionDate "2025.10.31"]
[SourceQuality "1"]

1. e4 e6 2. d4 d5 3. Bd3 dxe4 4. Bxe4 Nf6 5. Bf3 c5 6. Ne2 Nc6 7. Be3 cxd4 8. Nxd4 Nxd4 9. Qxd4 Qxd4 10. Bxd4 Bd6 11. O-O O-O 12. Nd2 e5 13. Bc3 Re8 14. Nc4 Bc7 15. Rfe1 Rb8 16. Nxe5 Be6 17. Bd4 a6 18. a4 Nd5 19. Nd3 b6 20. c3 Rbd8 21. a5 bxa5 22. Nc5 Nf4 23. Nxa6 Bd6 24. Bb6 Rc8 25. Bxa5 Bc4 26. Rxe8+ Rxe8 27. Bb4 Be5 28. Nc5 g5 29. Re1 f6 30. g3 Ng6 31. Ra1 Rd8 32. b3 Bf7 33. Ra8 Rxa8 34. Bxa8 f5 35. c4 Bd4 36. Nd3 Kg7 37. Ba5 Ne7 38. Nb4 Nc8 39. Nc6 Bf6 40. Bc7 Be6 41. Bb7 Ne7 42. Nxe7 Bxe7 43. Be5+ Kf8 44. Bc6 Bb4 45. Bf6 h6 46. Kf1 Kf7 47. Bd4 Kf8 48. Ke2 Ba3 49. Kd3 Bb4 50. f3 g4 51. f4 Ke7 52. Bd5 Bxd5 53. cxd5 Kd6 54. Kc4 Ba3 55. b4 h5 56. b5 Kc7 57. b6+ Kb7 58. Bc5 Bb2 59. d6 Kc6 60. b7 Kxb7 61. Kd5 Bf6 62. Ke6 Bd8 63. Bd4 Kc6 64. Bf6 Bxf6 65. Kxf6 Kxd6 66. Kxf5 h4 67. Kxg4 hxg3 68. hxg3 Ke6 69. Kg5 Kd5 70. f5 Ke4 71. f6 Kf3 72. f7 Ke3 73. f8=Q Kd4 74. Kf5 Kd3 75. Qb4 Ke3 76. Qc3+ Kf2 77. Kf4 Kg2 78. Qf3+ Kh2 79. Ke3 Kg1 80. Qe2 Kh1 81. Kf3 Kg1 82. Qg2# 1-0

[Event "Coventry International"]
[Site "Coventry"]
[Date "2025.10.30"]
[Round "7.25"]
[White "Dupuis, Denis K"]
[Black "Parikh, Naavya"]
[Result "1-0"]
[WhiteElo "2013"]
[BlackElo "1846"]
[PlyCount "141"]
[EventDate "2025.10.26"]
[EventType "swiss"]
[EventRounds "9"]
[EventCountry "ENG"]
[SourceTitle "BritBase"]
[Source "John Saunders"]
[SourceDate "2025.10.31"]
[SourceVersion "1"]
[SourceVersionDate "2025.10.31"]
[SourceQuality "1"]

1. e4 e5 2. Nf3 Nc6 3. Bc4 Nf6 4. d3 Bc5 5. c3 d6 6. h3 Ne7 7. O-O O-O 8. Bg5 Ng6 9. Nh4 Nxh4 10. Bxh4 h6 11. Kh1 g5 12. Bg3 Be6 13. Nd2 Qd7 14. b4 Bb6 15. Bxe6 Qxe6 16. Qe2 Rae8 17. a4 c6 18. Nc4 Bc7 19. Ne3 Kh7 20. Nf5 Ng8 21. Qg4 Qg6 22. Ne3 h5 23. Qf5 Nh6 24. Qxg6+ Kxg6 25. Bh2 f5 26. f3 f4 27. Nc4 b6 28. Bg1 d5 29. Nd2 Nf7 30. Nb3 Nd6 31. Rfc1 dxe4 32. dxe4 Nc4 33. b5 c5 34. a5 Ra8 35. Ra4 Nd6 36. c4 Nb7 37. Bf2 Rfd8 38. axb6 Bxb6 39. Ra2 Rd3 40. Rb2 Rad8 41. Rbb1 Kf6 42. Kg1 Ke6 43. Kf1 Rc8 44. Ke2 Rd6 45. Rb2 Na5 46. Nd2 Nb7 47. Nb1 Na5 48. Rc3 Rcd8 49. Ra2 Rc8 50. Ra4 Nb7 51. Rc2 h4 52. Nc3 Rb8 53. Nd5 Rbd8 54. Rca2 Rc8 55. Rxa7 Bxa7 56. Rxa7 Rd7 57. Nb6 Rcd8 58. Nxd7 Rxd7 59. Ra6+ Rd6 60. Ra8 Rd7 61. Rc8 Kd6 62. Rc6+ Ke7 63. Bxc5+ Kf7 64. Bb4 Nd8 65. Rd6 Rxd6 66. Bxd6 Ke6 67. Bb4 Nb7 68. Kd3 Nd8 69. c5 Kd7 70. c6+ Kc7 71. Ba5+ 1-0